| 000 | 00904nas a2200301 4500 | ||
|---|---|---|---|
| 001 | BR2015005419 | ||
| 003 | BR-BrBNA | ||
| 005 | 20231205125752.0 | ||
| 007 | ta | ||
| 008 | 230509b bl.|||p| |||| 00| 00por d | ||
| 040 |
_aBR-BrBNA _bpor _cBiblioteca Nacional de Agricultura |
||
| 041 | _a(Pt) | ||
| 072 | _aQ02 | ||
| 100 | 1 | _aPerrone, I.T. | |
| 100 | 1 | _aSilveira, A.C.P. | |
| 100 | 1 | _aSchuck, P. | |
| 100 | 1 | _aStephani, R. | |
| 100 | 1 | _aCarvalho, A.F. de | |
| 245 | 1 | _aLácteos concentrados e desidratados: princípios tecnológicos | |
| 650 | _aLEITE | ||
| 650 | _aPROCESSAMENTO | ||
| 650 | _aEVAPORAÇÃO | ||
| 650 | _aSECAGEM | ||
| 650 | _aTECNOLOGIA | ||
| 773 | 0 |
_tInforme Agropecuário - Empresa de Pesquisa Agropecuária de Minas Gerais (Brazil) _xISSN 0100-3364 _g(2015), v. 36(284) p. 60-70 _wBR2015005419 |
|
| 909 |
_a202311 _bLúcia _c55 _dLúcia Elande |
||
| 942 |
_2AGRIS _n0 _cANA |
||
| 999 |
_c246035 _d246035 |
||